¿Qué sucedió con el casillero vacío del desarrollo de América Latina 30 años después?/

সংরক্ষণ করুন:
গ্রন্থ-পঞ্জীর বিবরন
প্রধান লেখক: Jaimes, Paola
অন্যান্য লেখক: Matamoros, Guillermo
বিন্যাস: গ্রন্থ
ভাষা:Spanish
ট্যাগগুলো: ট্যাগ যুক্ত করুন
কোনো ট্যাগ নেই, প্রথমজন হিসাবে ট্যাগ করুন!

MARC

LEADER 00000nam a22000007a 4500
003 cru CIDCACS/IIS
005 20180208135749.0
007 ta
008 180208s2017 mx |||p|r||||||0| ||spa|d
999 |c 40970  |d 40970 
040 |c cru CIDCACS/IIS 
100 1 |9 6601  |a Jaimes, Paola 
245 1 1 |a ¿Qué sucedió con el casillero vacío del desarrollo de América Latina 30 años después?/  |c Paola Jaimes, Guillermo Matamoros 
300 |a páginas 9-26:  |b tablas 
700 1 |9 6602  |a Matamoros, Guillermo 
773 0 |0 19182  |9 1785  |a Universidad Nacional Autónoma de México.  |d México, D.F.: UNAM  |o 19524  |t Problemas del desarrollo:  |x 03017036 
942 |2 ddc  |c PP